<?xml version='1.0' encoding='UTF-8'?>
  <record xmlns="http://www.loc.gov/MARC21/slim">
    <leader>00000cam a2200000Mi 4500</leader>
    <controlfield tag="001">ocm69095792</controlfield>
    <controlfield tag="003">OCoLC</controlfield>
    <controlfield tag="005">20231213210205.5</controlfield>
    <controlfield tag="008">950908s1852    ne            000 0 dut d</controlfield>
    <datafield tag="040" ind1=" " ind2=" ">
      <subfield code="a">NLGGC</subfield>
      <subfield code="b">dut</subfield>
      <subfield code="e">fobidrtb</subfield>
      <subfield code="c">NLGGC</subfield>
      <subfield code="d">WURST</subfield>
      <subfield code="d">OCLCO</subfield>
      <subfield code="d">OCLCL</subfield>
    </datafield>
    <datafield tag="029" ind1="0" ind2=" ">
      <subfield code="a">NLGGC</subfield>
      <subfield code="b">140808108</subfield>
    </datafield>
    <datafield tag="035" ind1=" " ind2=" ">
      <subfield code="a">(OCoLC)69095792</subfield>
    </datafield>
    <datafield tag="041" ind1="1" ind2=" ">
      <subfield code="a">dut</subfield>
      <subfield code="h">ger</subfield>
    </datafield>
    <datafield tag="245" ind1="0" ind2="0">
      <subfield code="a">Beknopte handleiding tot de kennis, het doelmatige opfokken en verzorgen van het paard; de behandeling van den hoef, het hoefbeslag en het aanbrengen van de eerste hulp bij sommige ziekten van het paard /</subfield>
      <subfield code="c">volgens eene uitg. onder medew. van de red. der Agronomische Zeitung (Dr. W. Hamm.) naar het Hoogduitsch bew. door A.J. de Bruijn.</subfield>
    </datafield>
    <datafield tag="260" ind1=" " ind2=" ">
      <subfield code="a">Amsterdam :</subfield>
      <subfield code="b">Noordendorp,</subfield>
      <subfield code="c">1852.</subfield>
    </datafield>
    <datafield tag="300" ind1=" " ind2=" ">
      <subfield code="a">II, 46 p. ;</subfield>
      <subfield code="c">20 cm.</subfield>
    </datafield>
    <datafield tag="336" ind1=" " ind2=" ">
      <subfield code="a">tekst</subfield>
      <subfield code="b">txt</subfield>
      <subfield code="2">rdacontent/dut</subfield>
    </datafield>
    <datafield tag="337" ind1=" " ind2=" ">
      <subfield code="a">zonder medium</subfield>
      <subfield code="b">n</subfield>
      <subfield code="2">rdamedia/dut</subfield>
    </datafield>
    <datafield tag="338" ind1=" " ind2=" ">
      <subfield code="a">band</subfield>
      <subfield code="b">nc</subfield>
      <subfield code="2">rdacarrier/dut</subfield>
    </datafield>
    <datafield tag="500" ind1=" " ind2=" ">
      <subfield code="a">Vert. en bew. van: Anleitung zur richtigen Zucht und Behandlung der Pferde (Leipzig, Spamer, 1852).</subfield>
    </datafield>
    <datafield tag="530" ind1=" " ind2=" ">
      <subfield code="a">Titel is geselecteerd voor digitalisering voor de Universiteit van Amsterdam in het kader van het Google Books-project.</subfield>
    </datafield>
    <datafield tag="653" ind1="0" ind2="0">
      <subfield code="a">paarden</subfield>
    </datafield>
    <datafield tag="653" ind1="0" ind2="0">
      <subfield code="a">horses</subfield>
    </datafield>
    <datafield tag="653" ind1="0" ind2="0">
      <subfield code="a">paardenziekten</subfield>
    </datafield>
    <datafield tag="653" ind1="0" ind2="0">
      <subfield code="a">horse diseases</subfield>
    </datafield>
    <datafield tag="653" ind1="0" ind2="0">
      <subfield code="a">hoeven</subfield>
    </datafield>
    <datafield tag="653" ind1="0" ind2="0">
      <subfield code="a">hooves</subfield>
    </datafield>
    <datafield tag="653" ind1="0" ind2="0">
      <subfield code="a">beslaan</subfield>
    </datafield>
    <datafield tag="653" ind1="0" ind2="0">
      <subfield code="a">shoeing</subfield>
    </datafield>
    <datafield tag="653" ind1="1" ind2="0">
      <subfield code="a">Animal Pathology</subfield>
    </datafield>
    <datafield tag="653" ind1="2" ind2="0">
      <subfield code="a">Equidae (Horses, Donkeys, Mules)</subfield>
    </datafield>
    <datafield tag="653" ind1="1" ind2="0">
      <subfield code="a">Dierpathologie</subfield>
    </datafield>
    <datafield tag="653" ind1="2" ind2="0">
      <subfield code="a">Paardachtigen</subfield>
    </datafield>
    <datafield tag="700" ind1="1" ind2=" ">
      <subfield code="a">Hamm, Wilhelm,</subfield>
      <subfield code="d">1820-1880.</subfield>
      <subfield code="1">https://id.oclc.org/worldcat/entity/E39PBJp669HgpgYbDvTJgqJqwC</subfield>
    </datafield>
    <datafield tag="700" ind1="1" ind2=" ">
      <subfield code="a">Bruijn, A.J. de</subfield>
      <subfield code="q">(Ary Johannes),</subfield>
      <subfield code="d">1811-1895.</subfield>
      <subfield code="1">https://id.oclc.org/worldcat/entity/E39PBJgRQpy4FQt8ycYG7w63Qq</subfield>
    </datafield>
  </record>